00544 2200193 4500001002100000005001500021035002000036007000300056008004100059020001400100082000800114084001400122100002000136245009100156250001000247260004900257300003000306990001400336INLIS00000000000807120210409092825 a0010-0421000215ta210409 g 0 ind  a99655657x a650 a650 FRE b0 aFreddy Rangkuti1 aBusiness PLAN :bTeknik Membuat Perencanaan Bisnis & Analisis Kasus /cFreddy Rangkuti acet.3 aJakarta :bPT. Gramedia Pustaka Utama,c2003 axi, 532 hlm :b. ;c20 cm a626203219